Представление документа в формате MARC21

ПолеНазваниеЗначение
  Тип записи a
  Библиографический уровень m
001 Контрольный номер RU/URAIT/536482
005 Дата корректировки 20260429163638.4
008 Кодируемые данные 260429s2024 RU y f j 000 0 rus u
020 Индекс ISBN __
a ISBN 978-5-534-15803-8
c Цена, тираж 1939.00
040 Источник каталогиз. __
a Служба первич. каталог. ИКО Юрайт
c Служба, преобразующая запись ИКО Юрайт
e Правила каталог. RCR
041 Код языка издания __
a Код языка текста rus
044 Код страны публикации __
a Код страны публикации RU
080 Индекс УДК __
a Индекс УДК 35.088(075.8)
084 Индекс другой классификации/Индекс ББК __
2 Источник индекса rubbk
a Индекс другой классификации/Индекс ББК 87.75я73
100 Автор __
a Автор Шувалова Н. Н.
q Полное имя Шувалова Наталия Николаевна
245 Заглавие __
a Заглавие Этика и этикет государственной и муниципальной службы
b Продолж. заглавия учебник и практикум для вузов
c Ответственность Н. Н. Шувалова.
250 Сведения об издании __
g пер. и доп
a Основные сведения об издании 3-е изд.
256 Характеристики компьютерного файла __
a Характеристики компьютерного файла Электрон. дан.
260 Выходные данные __
a Место издания Москва
b Издательство Юрайт
c Дата издания 2024
300 Физическое описание __
a Объем 368 с
440 Серия __
a Серия Высшее образование
500 Примечания __
a Примечание URL: https://urait.ru/bcode/536482 (дата обращения: 29.04.2026).
520 Аннотация __
a Аннотация Анализируются нравственные основы российской государственной и муни-ципальной службы, содержание этических принципов, норм и правил, регулирующих служебное поведение и взаимодействие должностных лиц в процессе их служебной деятельности, выявляются причины и последствия деформации профессиональных ценностей, исследуются механизмы нравственного оздоровления государственной и муниципальной службы. В курс включена также дисциплина вариативного цикла «Этикет государственных служащих», органично связанная с базовой дисциплиной «Этика государственной и муниципальной службы». Практикум содержит глоссарий, вопросы для самоподготовки, списки рекомендуемой литературы по конкретным темам, а также приложение, включающее международные акты по проблемам служебного поведения должностных лиц. Соответствует актуальным требованиям федерального государственного образовательного стандарта высшего образования. Для студентов и слушателей всех форм обучения, подготовки, переподготовки и повышения квалификации, обучающихся по специальности «Государственное и муниципальное управление», а также служащих государственного аппарата, практических работников государственного и муниципального управления.
538 Прим. о системных особенностях __
a Прим. о системных особенностях Режим доступа: Электронно-библиотечная система Юрайт, для авториз. пользователей
653 Ключевые слова __
a Ключевые слова Специальные философские дисциплины
653 Ключевые слова __
a Ключевые слова Общественные науки
653 Ключевые слова __
a Ключевые слова Государственное и муниципальное управление
653 Ключевые слова __
a Ключевые слова Этика делового общения
653 Ключевые слова __
a Ключевые слова Профессиональная этика и этикет
653 Ключевые слова __
a Ключевые слова Этика деловых отношений
653 Ключевые слова __
a Ключевые слова Этика государственной и муниципальной службы
653 Ключевые слова __
a Ключевые слова Деловая этика
653 Ключевые слова __
a Ключевые слова Введение в государственное и муниципальное управление
653 Ключевые слова __
a Ключевые слова Основы государственного и муниципального управления
653 Ключевые слова __
a Ключевые слова Деловой этикет
653 Ключевые слова __
a Ключевые слова Профессиональная этика в публичном управлении
653 Ключевые слова __
a Ключевые слова Этика и культура управления
653 Ключевые слова __
a Ключевые слова Основы делового этикета
653 Ключевые слова __
a Ключевые слова Этикет и культура служебных отношений
653 Ключевые слова __
a Ключевые слова Этика поведения государственного служащего
653 Ключевые слова __
a Ключевые слова Основы политического управления
653 Ключевые слова __
a Ключевые слова Профессиональная этика государственного и муниципального служащего
653 Ключевые слова __
a Ключевые слова Этика государственное и муниципальной службы
653 Ключевые слова __
a Ключевые слова Профессиональная этика в государственном и муниципальном управлении
653 Ключевые слова __
a Ключевые слова Этика государственной и муниципальной службы и конфликт интересов
653 Ключевые слова __
a Ключевые слова Деловой этикет в профессиональной сфере
653 Ключевые слова __
a Ключевые слова Этика государственной службы в таможенных органах
653 Ключевые слова __
a Ключевые слова Профессиональная этика государственных и муниципальных служащих
653 Ключевые слова __
a Ключевые слова Этикет бизнеса
653 Ключевые слова __
a Ключевые слова Этика государственной и муниципальной службы и управление конфликтами
653 Ключевые слова __
a Ключевые слова Этика служебного поведения
653 Ключевые слова __
a Ключевые слова Основы ГМУ
653 Ключевые слова __
a Ключевые слова Профессиональный этикет
653 Ключевые слова __
a Ключевые слова Нравственные основы государственной и муниципальной службы
653 Ключевые слова __
a Ключевые слова Профессиональная этика государственного служащего
653 Ключевые слова __
a Ключевые слова Этика государственного служащего
653 Ключевые слова __
a Ключевые слова Современный бизнес-этикет
653 Ключевые слова __
a Ключевые слова Основы деловых коммуникаций и этикета
653 Ключевые слова __
a Ключевые слова Этика и психология государственной и муниципальной службы
653 Ключевые слова __
a Ключевые слова Деловой протокол и этикет государственной и муниципальной службы
653 Ключевые слова __
a Ключевые слова Этика ГМС
653 Ключевые слова __
a Ключевые слова Профессиональная этика государственного (муниципального) служащего
653 Ключевые слова __
a Ключевые слова Этико-социальные аспекты государственной и муниципальной службы
653 Ключевые слова __
a Ключевые слова Государственная и муниципальная служба и этика управления
856 Электронный адрес документа 40
n Местонахождение сервера Юрайт
g Электронная книга
q Тип электронного формата html
h Имя пользователя ЮРАЙТ
v Часы доступа к ресурсу 20271231
2 Способ доступа Показать документ
x Служебное примечание https://urait.ru/book/cover/7587AED8-B9FF-44BE-85AF-CF40250E62C7
u URL https://urait.ru/bcode/536482
856 Электронный адрес документа 48
q Тип электронного формата cover
u URL https://urait.ru/book/cover/7587AED8-B9FF-44BE-85AF-CF40250E62C7
911 __
u 0030=https://urait.ru/bcode/536482
911 __
u 073a=9785534158038
u 073d=1939.00
911 __
u 106a=s
911 __
u 900l=
952 Тип литературы __
i Дисциплина Государственное и муниципальное управление
952 Тип литературы __
i Дисциплина Этика делового общения
952 Тип литературы __
i Дисциплина Профессиональная этика и этикет
952 Тип литературы __
i Дисциплина Этика деловых отношений
952 Тип литературы __
i Дисциплина Этика государственной и муниципальной службы
952 Тип литературы __
i Дисциплина Деловая этика
952 Тип литературы __
i Дисциплина Введение в государственное и муниципальное управление
952 Тип литературы __
i Дисциплина Основы государственного и муниципального управления
952 Тип литературы __
i Дисциплина Деловой этикет
952 Тип литературы __
i Дисциплина Профессиональная этика в публичном управлении
952 Тип литературы __
i Дисциплина Этика и культура управления
952 Тип литературы __
i Дисциплина Основы делового этикета
952 Тип литературы __
i Дисциплина Этикет и культура служебных отношений
952 Тип литературы __
i Дисциплина Этика поведения государственного служащего
952 Тип литературы __
i Дисциплина Основы политического управления
952 Тип литературы __
i Дисциплина Профессиональная этика государственного и муниципального служащего
952 Тип литературы __
i Дисциплина Этика государственное и муниципальной службы
952 Тип литературы __
i Дисциплина Профессиональная этика в государственном и муниципальном управлении
952 Тип литературы __
i Дисциплина Этика государственной и муниципальной службы и конфликт интересов
952 Тип литературы __
i Дисциплина Деловой этикет в профессиональной сфере
952 Тип литературы __
i Дисциплина Этика государственной службы в таможенных органах
952 Тип литературы __
i Дисциплина Профессиональная этика государственных и муниципальных служащих
952 Тип литературы __
i Дисциплина Этикет бизнеса
952 Тип литературы __
i Дисциплина Этика государственной и муниципальной службы и управление конфликтами
952 Тип литературы __
i Дисциплина Этика служебного поведения
952 Тип литературы __
i Дисциплина Основы ГМУ
952 Тип литературы __
i Дисциплина Профессиональный этикет
952 Тип литературы __
i Дисциплина Нравственные основы государственной и муниципальной службы
952 Тип литературы __
i Дисциплина Профессиональная этика государственного служащего
952 Тип литературы __
i Дисциплина Этика государственного служащего
952 Тип литературы __
i Дисциплина Современный бизнес-этикет
952 Тип литературы __
i Дисциплина Основы деловых коммуникаций и этикета
952 Тип литературы __
i Дисциплина Этика и психология государственной и муниципальной службы
952 Тип литературы __
i Дисциплина Деловой протокол и этикет государственной и муниципальной службы
952 Тип литературы __
i Дисциплина Этика ГМС
952 Тип литературы __
i Дисциплина Профессиональная этика государственного (муниципального) служащего
952 Тип литературы __
i Дисциплина Этико-социальные аспекты государственной и муниципальной службы
952 Тип литературы __
i Дисциплина Государственная и муниципальная служба и этика управления